Intervención delictiva en contextos organizados: Humboldt-Kolleg Santiago 2015

-д хадгалсан:
Номзүйн дэлгэрэнгүй
Үндсэн зохиолчид: Couso Salas, Jaime (Зохиогч), Werle, Gerhard (Зохиогч)
Формат: Ном
Хэл сонгох:испани
Хэвлэсэн: Valencia Tirant Lo Blanch 2017
Хэвлэл:1a. ed
Цуврал:Monografías
Нөхцлүүд:
Шошгууд: Шошго нэмэх
Шошго байхгүй, Энэхүү баримтыг шошголох эхний хүн болох!

MARC

LEADER 00000cam a2200000 a 4500
001 UCC7675
003 CL-VaPUC
008 190427e20170000sp |||||||||||||||||spa|d
020 |a 9788491437192 
082 0 4 |a 345.001  |b COU  |2 21 
100 0 |a Couso Salas, Jaime  |e author  |9 602385 
700 0 |a Werle, Gerhard  |e author  |9 347 
245 1 0 |a Intervención delictiva en contextos organizados: Humboldt-Kolleg Santiago 2015 
250 |a 1a. ed 
300 |a 387 p 
942 |c BK 
945 |d 20190427 02:22:00  |a dcastane 
260 |a Valencia  |b Tirant Lo Blanch  |c 2017 
650 0 |a Derecho penal internacional  |9 371889 
650 7 |a CRIMEN ORGANIZADO  |2 CL-VaPUC  |9 437226 
650 0 |a Terrorismo   |9 255070 
650 7 |a POLITICA CRIMINAL  |2 CL-VaPUC  |9 372625 
650 0 |a Estado de derecho  |9 257795 
650 0 |a Ordenamiento jurídico   |9 355371 
583 |a last modification  |c 20190427 02:22:00  |k Rodrigo Vera 
490 0 |a Monografías 
999 |c 374267  |d 374265 
952 |0 0  |1 0  |3 erb  |4 0  |6 345_001000000000000_COU_2017  |7 0  |8 A  |9 492758  |a BIBDER  |b BIBDER  |i 554453K  |o 345.001 COU 2017  |p 554453K  |r 2025-04-28  |w 2019-11-24  |y BK  |z Catalogado en:20190427  |k DER